Deftones-All Songs (UPDATED AUGUST 2025) - Statistics

General Stats
  • This quiz has been taken 105 times
    89 since last reset
  • The average score is 61 of 113
Answer Stats
Album/Year Song % Correct
Around the Fur (1997) Be Quiet and Drive (Far Away)
90%
Around the Fur (1997) My Own Summer (Shove It)
88%
Saturday Night Wrist (2006) Cherry Waves
87%
Around the Fur (1997) Around the Fur
85%
White Pony (2000) Change (In the House of Flies)
85%
White Pony (2000) Digital Bath
85%
private music (2025) my mind is a mountain
85%
Diamond Eyes (2010) Diamond Eyes
83%
Adrenaline (1995) 7 Words
81%
Saturday Night Wrist (2006) Hole in the Earth
81%
Around the Fur (1997) MX
81%
White Pony (2000) Pink Maggit
81%
Diamond Eyes (2010) Sextape
81%
Adrenaline (1995) Bored
77%
Around the Fur (1997) Mascara
77%
White Pony (2000) Back to School (Mini Maggit)
75%
Around the Fur (1997) Lhabia
75%
private music (2025) milk of the madonna
75%
Deftones (2003) Minerva
75%
Ohms (2020) Ohms
75%
Koi No Yokan (2012) Rosemary
75%
White Pony (2000) Passenger
71%
White Pony (2000) Rx Queen
71%
Adrenaline (1995) Engine No. 9
69%
Saturday Night Wrist (2006) Beware
67%
White Pony (2000) Knife Prty
67%
Around the Fur (1997) Lotion
65%
Around the Fur (1997) Dai the Flu
63%
White Pony (2000) Teenager
63%
Diamond Eyes (2010) 976-EVIL
62%
White Pony (2000) Elite
62%
Koi No Yokan (2012) Entombed
62%
White Pony (2000) Korea
62%
Saturday Night Wrist (2006) Pink Cellphone
62%
Around the Fur (1997) Rickets
62%
Koi No Yokan (2012) Swerve City
62%
Around the Fur (1997) Headup
60%
Deftones (2003) Hexagram
60%
Koi No Yokan (2012) Leathers
60%
Diamond Eyes (2010) Rocket Skates
60%
Adrenaline (1995) Root
60%
White Pony (2000) Street Carp
60%
Saturday Night Wrist (2006) Xerces
60%
Diamond Eyes (2010) Beauty School
58%
Ohms (2020) Genesis
58%
Saturday Night Wrist (2006) Kimdracula
58%
Saturday Night Wrist (2006) Rats!Rats!Rats!
58%
Diamond Eyes (2010) You've Seen the Butcher
58%
White Pony (2000) Feiticeira
56%
Saturday Night Wrist (2006) Mein
56%
Saturday Night Wrist (2006) Rapture
56%
Koi No Yokan (2012) Romantic Dreams
56%
private music (2025) cXz
54%
private music (2025) i think about you all the time
54%
Diamond Eyes (2010) Prince
54%
Diamond Eyes (2010) Risk
54%
Adrenaline (1995) Fist
52%
Gore (2016) Hearts/Wires
52%
private music (2025) infinite source
52%
private music (2025) locked club
52%
Gore (2016) Prayers/Triangles
52%
Diamond Eyes (2010) CMND/CTRL
50%
Adrenaline (1995) Minus Blindfold
50%
Deftones (2003) Needles and Pins
50%
Diamond Eyes (2010) Royal
50%
Koi No Yokan (2012) What Happened To You?
50%
Saturday Night Wrist (2006) Combat
48%
Koi No Yokan (2012) Goon Squad
48%
Gore (2016) Phantom Bride
48%
Koi No Yokan (2012) Poltergeist
48%
Saturday Night Wrist (2006) Riviere
48%
Koi No Yokan (2012) Tempest
48%
Diamond Eyes (2010) This Place is Death
48%
Deftones (2003) Battle-axe
46%
private music (2025) cut hands
46%
Gore (2016) Gore
46%
Deftones (2003) When Girls Telephone Boys
46%
Deftones (2003) Anniversary of an Uninteresting Event
44%
private music (2025) departing the body
44%
Adrenaline (1995) Fireal
44%
Koi No Yokan (2012) Gauze
44%
Deftones (2003) Moana
44%
private music (2025) ecdysis
42%
Gore (2016) (L)MIRL
42%
Adrenaline (1995) Nosebleed
42%
Adrenaline (1995) One Weak
42%
private music (2025) souvenir
42%
private music (2025) ~metal dream
40%
Saturday Night Wrist (2006) Drive
38%
Diamond Eyes (Deluxe) [2010] Ghosts
38%
Adrenaline (1995) Lifter
38%
Deftones (2003) Bloody Cape
37%
Deftones (2003) Good Morning Beautiful
37%
Koi No Yokan (2012) Graphic Nature
37%
Gore (2016) Doomed User
35%
Ohms (2020) The Spell of Mathematics
35%
Saturday Night Wrist (2006) U U D D L R L R A B Select Start
35%
Deftones (2003) Deathblow
33%
Ohms (2020) Headless
33%
Gore (2016) Xenon
33%
Ohms (2020) Ceremony
31%
Adrenaline (1995) Birthmark
29%
Ohms (2020) Error
29%
Deftones (2003) Lucky You
29%
Gore (2016) Rubicon
29%
Ohms (2020) Urantia
29%
Gore (2016) Acid Hologram
27%
Gore (2016) Geometric Headdress
27%
Diamond Eyes (Deluxe) [2010] Do You Believe
25%
Ohms (2020) Pompeji
25%
Ohms (2020) Radiant City
25%
Ohms (2020) This Link is Dead
23%
Gore (2016) Pittura Infamante
21%
No matching quizzes found
Score Distribution
Percent of People with Each Score
Percentile by Number Answered
Your Score History
You have not taken this quiz since the last reset